| 000 | 01131nam a2200289Ia 4500 | ||
|---|---|---|---|
| 003 | OSt | ||
| 005 | 20200929111542.0 | ||
| 008 | 191128s2014 wauao gr 000 0 spa d | ||
| 020 | _a9781495115257 | ||
| 040 |
_aCO-JMCR _cCO-JMCR |
||
| 041 | 1 |
_aspa _heng |
|
| 082 | 0 | 4 |
_a591.68 / _bS636l _223 |
| 100 | 1 |
_aSmart, Jane S., _eautor _910935 |
|
| 245 | 0 |
_aLa lista roja de la UICN: _b50 años de conservación = The IUCN red list: 50 years of conservation / _cJane Smart, Craig Hilton Taylor, Russell A. Mittermeier |
|
| 260 |
_aWashington D.C : _bCemex : Earth in Focus, _c2014. |
||
| 300 |
_a291 páginas : _bfotografías ; _c 29 x 31 cm. |
||
| 504 | _aIncluye referencias bibliográficas página 287 | ||
| 546 | _aEspañol - Ingles | ||
| 650 | 2 | 4 |
_aEspecies en peligro _xListados _910936 |
| 650 | 2 | 4 |
_aEcosistemas vulnerables _910937 |
| 650 | 2 | 4 |
_aConservación de especies _910938 |
| 650 | 2 | 4 |
_aConservación de la vida silvestre _9307 |
| 700 | 1 |
_aHilton-Taylor, Craig., _eautor _910939 |
|
| 700 | 1 |
_aMittermeier, Russell A., _eautor _910940 |
|
| 700 | 1 |
_aGoettsch Mittermeier, Cristina, _eautor _910941 |
|
| 942 |
_2ddc _cBK |
||
| 999 |
_c3796 _d3796 |
||